[Event "SLO-chT1 West"]
[Site "Slovenia"]
[Date "2022.10.14"]
[Round "4.6"]
[White "Bulatovic, Milorad"]
[Black "Voglar, Peter"]
[Result "1/2-1/2"]
[WhiteElo "1880"]
[BlackElo "1650"]
[PlyCount "171"]
[EventDate "2022.10.07"]
[EventType "team-tourn"]
[EventRounds "9"]
[EventCountry "SLO"]
[SourceTitle "CBM 210 Extra"]
[Source "ChessBase"]
[SourceDate "2022.11.30"]
[SourceVersion "1"]
[SourceVersionDate "2022.11.30"]
[SourceQuality "1"]
[WhiteTeam "Kranj Stari Mayr"]
[BlackTeam "Dolenjske Toplice"]
[WhiteTeamCountry "SLO"]
[BlackTeamCountry "SLO"]

1. b4 d5 2. Bb2 Nf6 3. e3 c6 4. Nf3 Bg4 5. Be2 Nbd7 6. 0-0 Bxf3 7. Bxf3 e5 8. a3 Bd6 9. d3 0-0 10. Nd2 Qe7 11. c4 e4 12. dxe4 dxe4 13. Nxe4 Nxe4 14. Bxe4 f5 15. Bf3 Rad8 16. Qb3 Kh8 17. g3 Ne5 18. Bg2 Qf7 19. Bxe5 Bxe5 20. Rab1 Rd2 21. Rfd1 Rfd8 22. Rxd2 Rxd2 23. Rd1 Rd7 24. Rxd7 Qxd7 25. b5 cxb5 26. cxb5 b6 27. Bd5 g6 28. Kg2 Kg7 29. h4 Qe7 30. a4 Qc7 31. Bc6 a5 32. Qd5 Qd6 33. Qc4 Qe7 34. Qc2 Bd6 35. h5 Be5 36. Bf3 Qc7 37. Qd3 Qd6 38. Qb1 Bf6 39. Qc2 Qd7 40. hxg6 hxg6 41. Qc4 Be5 42. g4 fxg4 43. Bxg4 Qe7 44. Qd5 Bc7 45. Qd4+ Qe5 46. Qd7+ Kf6 47. Bf3 Qh2+ 48. Kf1 Qd6 49. Qg4 Qd3+ 50. Kg2 Qd6 51. Be4 Kf7 52. Qg5 Kg7 53. Qh4 Bd8 54. Qh3 Qe7 55. Bc6 Bc7 56. f4 Bd6 57. Kf3 Bc5 58. e4 Bd4 59. Qd7 Qxd7 60. Bxd7 Kf7 61. Kg4 Bc5 62. Bc6 Be7 63. e5 Kg7 64. Be8 Bb4 65. Kf3 Bd2 66. Ke4 Bc1 67. Bd7 Bd2 68. Be6 Bc1 69. Bd5 Bd2 70. f5 gxf5+ 71. Kxf5 Kf8 72. Ke6 Ke8 73. Kd6 Bb4+ 74. Ke6 Kd8 75. Kf7 Bc5 76. Bc6 Bb4 77. Bf3 Kd7 78. Bg4+ Kd8 79. Ke6 Ba3 80. Kd5 Ke7 81. Kc6 Bc5 82. Kc7 Bg1 83. Bd7 Bf2 84. e6 Bg1 85. Kc6 Bf2 86. Kc7 1/2-1/2

[Event "Oskarja Memorial 10th"]
[Site "Chess.com INT"]
[Date "2021.01.16"]
[Round "8"]
[White "Voglar, Peter"]
[Black "Nikolic, Boban"]
[Result "1-0"]
[WhiteElo "2024"]
[BlackElo "2200"]
[PlyCount "107"]
[EventDate "2021.01.16"]
[EventType "swiss (blitz)"]
[EventRounds "15"]
[EventCountry "SLO"]
[SourceTitle "CBM 200 Extra"]
[Source "ChessBase"]
[SourceDate "2021.03.31"]
[SourceVersion "1"]
[SourceVersionDate "2021.03.31"]
[SourceQuality "1"]

1. c4 e6 2. d4 d5 3. cxd5 exd5 4. Nf3 c6 5. h3 Bf5 6. Nc3 Nf6 7. Bg5 Be7 8. Bxf6 Bxf6 9. e3 0-0 10. Bd3 Bg6 11. 0-0 Re8 12. a3 Nd7 13. b4 b5 14. Bxg6 hxg6 15. a4 a6 16. Qb3 Nb6 17. axb5 axb5 18. Ne2 Nc4 19. Nf4 Qc7 20. Nd3 Be7 21. Ra2 Qb7 22. Rfa1 Bf8 23. Nc5 Bxc5 24. dxc5 Rxa2 25. Qxa2 Ne5 26. Nd4 Qe7 27. Qa7 Qf6 28. Qb7 Nd3 29. Rf1 Nxb4 30. Rd1 Qe7 31. Qb6 Rc8 32. Rd2 Qc7 33. Kf1 Kf8 34. Ke2 Ke7 35. Rb2 Qxb6 36. cxb6 Na6 37. Ra2 Nc5 38. Ra7+ Kd6 39. Rxf7 Rb8 40. Rxg7 Rxb6 41. Rxg6+ Kc7 42. h4 b4 43. Kd2 b3 44. Kc1 b2+ 45. Kb1 Na4 46. Rxc6+ Rxc6 47. Nxc6 Kxc6 48. h5 Nc3+ 49. Kxb2 Nd1+ 50. Kc2 Nxf2 51. h6 Ng4 52. h7 Nxe3+ 53. Kd3 Nxg2 54. h8Q 1-0

[Event "SLO-chT2 West"]
[Site "Komenda"]
[Date "2019.11.30"]
[Round "6.6"]
[White "Stembal, David"]
[Black "Voglar, Peter"]
[Result "0-1"]
[WhiteElo "1696"]
[BlackElo "2046"]
[PlyCount "64"]
[EventDate "2019.11.15"]
[EventType "team-tourn"]
[EventRounds "9"]
[EventCountry "SLO"]
[SourceTitle "EXT 2024"]
[Source "ChessBase"]
[SourceDate "2023.10.10"]
[SourceVersion "1"]
[SourceVersionDate "2023.10.10"]
[SourceQuality "1"]
[WhiteTeam "Vrhnika"]
[BlackTeam "Dolenjske Toplice"]
[WhiteTeamCountry "SLO"]
[BlackTeamCountry "SLO"]

1. e4 c5 2. Bc4 d6 3. Nc3 e6 4. d3 Be7 5. Be3 Nf6 6. Qf3 0-0 7. Nge2 Nc6 8. 0-0 a6 9. a3 Kh8 10. Ng3 Qc7 11. Bg5 Nd4 12. Qd1 Bd7 13. Nce2 Nc6 14. c3 h6 15. Bxf6 Bxf6 16. d4 cxd4 17. cxd4 Nxd4 18. Qd3 Nc6 19. Nh5 Ne5 20. Qc2 Qxc4 21. Qxc4 Nxc4 22. Nxf6 gxf6 23. b3 Nb6 24. Rfd1 d5 25. exd5 Nxd5 26. f4 f5 27. Nc3 Bc6 28. Nxd5 Bxd5 29. b4 Rac8 30. Rac1 b5 31. Rd2 Rxc1+ 32. Kf2 Rfc8 0-1

[Event "SLO-chT2 West"]
[Site "Komenda"]
[Date "2019.11.30"]
[Round "7.6"]
[White "Voglar, Peter"]
[Black "Macek, Inti"]
[Result "1-0"]
[WhiteElo "2046"]
[BlackElo "1194"]
[PlyCount "93"]
[EventDate "2019.11.15"]
[EventType "team-tourn"]
[EventRounds "9"]
[EventCountry "SLO"]
[SourceTitle "EXT 2024"]
[Source "ChessBase"]
[SourceDate "2023.10.10"]
[SourceVersion "1"]
[SourceVersionDate "2023.10.10"]
[SourceQuality "1"]
[WhiteTeam "Dolenjske Toplice"]
[BlackTeam "Komenda SK"]
[WhiteTeamCountry "SLO"]
[BlackTeamCountry "SLO"]

1. c4 e5 2. Nc3 Nf6 3. g3 d5 4. cxd5 Nxd5 5. Bg2 Nxc3 6. bxc3 Bc5 7. d3 c6 8. Nf3 0-0 9. 0-0 Be6 10. Nxe5 Qf6 11. d4 Bd6 12. Nf3 Nd7 13. e4 Bc7 14. Re1 Rad8 15. Bg5 Qg6 16. Bxd8 Rxd8 17. Qc2 h6 18. c4 Nf6 19. Rac1 Bf4 20. Nh4 Qg5 21. gxf4 Qxh4 22. f5 Bd7 23. Re3 Qf4 24. Rce1 Ng4 25. Rg3 h5 26. h3 Nf6 27. Qc1 Qc7 28. Qg5 Ne8 29. Qxh5 Qa5 30. Qe2 Qb6 31. Rd1 Nf6 32. e5 Re8 33. Re3 Nh7 34. e6 fxe6 35. fxe6 Bc8 36. d5 cxd5 37. cxd5 Qd6 38. Qf3 Nf6 39. Qg3 Qd8 40. Bf3 b6 41. Re5 Qe7 42. d6 Qf8 43. d7 Rd8 44. e7 Qf7 45. exd8Q+ Kh7 46. Qh4+ Kg6 47. Rg5# 1-0